ANATOMY VOL-II: HEAD,NECK ,THROX , NERVOUS SYSTEM, EYEBALL (Record no. 8175)

MARC details
000 -LEADER
fixed length control field 00467nam a22001817a 4500
005 - DATE AND TIME OF LATEST TRANSACTION
control field 20230111112327.0
008 - FIXED-LENGTH DATA ELEMENTS--GENERAL INFORMATION
fixed length control field 221220b |||||||| |||| 00| 0 eng d
020 ## - INTERNATIONAL STANDARD BOOK NUMBER
ISBN 9789383420926
041 ## - LANGUAGE CODE
Language code of text/sound track or separate title eng
082 ## - DEWEY DECIMAL CLASSIFICATION NUMBER
Classification number 612 MIT- A
100 ## - MAIN ENTRY--AUTHOR NAME
Personal name MITRA , SAMAR
245 ## - TITLE STATEMENT
Title ANATOMY VOL-II: HEAD,NECK ,THROX , NERVOUS SYSTEM, EYEBALL
250 ## - EDITION STATEMENT
Edition statement 8th ed.
260 ## - PUBLICATION, DISTRIBUTION, ETC. (IMPRINT)
Place of publication KOLKATA
Name of publisher ACADMIC PUBLISHERS
300 ## - PHYSICAL DESCRIPTION
Number of Pages 360;P.
650 ## - SUBJECT ADDED ENTRY--TOPICAL TERM
Topical Term BPT
942 ## - ADDED ENTRY ELEMENTS (KOHA)
Koha item type Books
Holdings
Lost status Damaged status Collection code Home library Current library Shelving location Date acquired Source of acquisition Cost, normal purchase price Full call number Accession Number Koha item type
    PHYSIOTHERAPY JRU Library JRU Library Shelf - 24- B 19/11/2022 LOHIA BOOK INTERNATIONAL 2295.00 612-MIT- A 27251 Books
    PHYSIOTHERAPY JRU Library JRU Library Shelf - 24- B 19/11/2022 LOHIA BOOK INTERNATIONAL 2295.00 612-MIT- A 27252 Books
    PHYSIOTHERAPY JRU Library JRU Library Shelf - 24- B 19/11/2022 LOHIA BOOK INTERNATIONAL 2295.00 612-MIT- A 27253 Books